| 000 | 00988njm a22002657a 4500 | ||
|---|---|---|---|
| 005 | 20100916163143.0 | ||
| 006 | a|||||r|||||00| 0 | ||
| 007 | sd ammalaaahaa | ||
| 008 | 100901t xxu||||| |||| 00| 0 eng d | ||
| 028 |
_aDXLI 3043 _bVictor |
||
| 035 | _aGR-02910 | ||
| 040 |
_aSED _cSED |
||
| 100 |
_aMeco Monardo _917891 |
||
| 245 |
_aMeco / _cby Meco Monardo _h[Sound recording] |
||
| 260 |
_aDum Dum, India _bVictor _c1977 |
||
| 300 |
_a1 Sound disc [Gramophone Recording] : _banalog, 33 1/3 rpm _c12 in. (LP) _fGramophone Record |
||
| 500 | _aBrief record | ||
| 500 | _aRecord Labels : Victor, Yellow | ||
| 505 | _aSide-1 (Title theme) (Meco Monardo [and] Harold Wheeler) --Side-2 (Other) (Meco Monardo [and] Harold Wheeler) | ||
| 600 |
_aMeco Monardo _919718 |
||
| 650 |
_aStories _xExcerpts _zIndia _917892 |
||
| 700 |
_aHarold Wheeler _920423 |
||
| 942 |
_2ddc _cGR |
||
| 999 |
_c46331 _d46331 |
||